000 00463nam a22001817a 4500
003 NUST - PNEC
005 20170116181145.0
008 151008b xxu||||| |||| 00| 0 eng d
020 _a817649108X
040 _cLIBRARY
082 _a657 WIL
100 _914911
_aWilks, C.
245 _aReadings in financial accounting fundamentals Stage 1
_cC. Wilks
250 _a6th ed.
260 _c1994
650 _914262
_aManagerial accounting
942 _2ddc
_cBK
999 _c70650
_d70650